[Event "Nussloch"]
[Site "Nussloch"]
[Date "1996.??.??"]
[Round "3"]
[White "Dreev, Alexey"]
[Black "Dautov, Rustem"]
[Result "1/2-1/2"]
[WhiteElo "2670"]
[BlackElo "2615"]
[Annotator "Dautov,R"]
[PlyCount "180"]
[EventDate "1996.??.??"]
[EventType "tourn"]
[EventRounds "11"]
[EventCountry "GER"]
[EventCategory "15"]
[SourceTitle "CBM 053"]
[Source "ChessBase"]
[SourceDate "1996.08.01"]
[SourceVersion "1"]
[SourceVersionDate "1996.08.01"]
[SourceQuality "1"]

1. d4 Nf6 2. c4 e6 3. Nf3 b6 4. a3 Bb7 5. Nc3 d5 6. Qc2 c6 $5 {N} 7. cxd5 (7.
Bg5 dxc4 8. e4 b5 9. e5 h6 10. Bh4 g5 11. Nxg5 hxg5 12. Bxg5 Nbd7 $13) 7...
cxd5 8. Bg5 (8. Bf4 $5) 8... Be7 9. e3 O-O 10. Bd3 h6 11. Bh4 Ba6 (11... Nbd7
12. O-O Rc8 13. Qa4 a6 14. Qb3 $1 $14 {/\} Ne4 15. Bxe7 Qxe7 16. Bxe4 dxe4 17.
Nd2 {><b6}) (11... Nc6 12. O-O Nh5 13. Bxe7 Qxe7 14. Ne5 $14) 12. O-O (12. Bxa6
$5 Nxa6 13. O-O Qc8 14. Rfc1 Qb7 15. Nb5 Rac8 16. Qa4 Rxc1+ 17. Rxc1 Rc8 18.
Rxc8+ Qxc8 19. h3 $14) 12... Bxd3 13. Qxd3 Nbd7 14. Rac1 a6 15. Rc2 Qb8 16.
Rfc1 Qb7 17. Ne5 $2 (17. Na4 $1 Rfc8 (17... Bd6 18. Bxf6 Nxf6 19. Qb3 $1 (19.
Rc6 $6 Bc5 20. Ne5 Ng4 $1 21. Nxc5 (21. R6xc5 $2 Nxe5 22. Qb3 Nd3 $1 $17) 21...
bxc5 22. R6xc5 Nxe5 23. dxe5 Qxb2 $10) 19... b5 20. Nc5 $14) 18. Ne5 Bd6 19.
Bxf6 (19. f4 $5 $14) 19... Nxf6 20. Qb3 Rxc2 21. Qxc2 Bxe5 22. dxe5 Nd7 23. f4
b5 24. Nc5 $14) 17... Nxe5 18. dxe5 Nd7 $17 19. Bg3 (19. Bxe7 Nxe5 20. Qd4 Nc6
$17) 19... Nc5 20. Qd1 Nb3 21. Rb1 Rac8 22. Ne2 Rc4 $1 23. e4 $2 (23. Rc3 Nc5
$17) 23... Rxe4 24. Rc3 Na5 $19 (24... Nc5 25. Nd4 {/\f3}) 25. b3 d4 (25...
Bxa3 $1 26. f3 Rb4 $19) 26. Rc2 Rd8 27. Qd3 b5 28. Bf4 {/\f3} g5 $1 29. Bg3 (
29. Bd2 Rxe2 30. Bxa5 Rxc2 31. Bxd8 Rc3 $1 32. Qxd4 Qc8 33. Rd1 Bxd8 34. Qxd8+
Qxd8 35. Rxd8+ Kg7 $19) 29... Bxa3 $4 (29... Qd5 30. Rc7 Bxa3 31. Qf3 Rf8 $19)
30. Nc3 $1 $132 Rg4 $138 31. f3 $138 Nc6 32. Ne4 $1 (32. fxg4 $2 Nb4 33. Qd2
Nxc2 $19) 32... Rxg3 $2 (32... Rxe4 33. Qxe4 Rd5 $15) 33. Nf6+ (33. hxg3 $2
Nxe5 34. Nf6+ Kf8 (34... Kg7 35. Nh5+ Kh8 36. Qe2 Rd5 $19 {/\d3}) 35. Qh7 d3
36. Qxh6+ Ke7 37. Rd2 Bc5+ 38. Kh2 Be3 $19) 33... Kf8 34. Qe4 $1 Na5 35. Qxb7
Nxb7 36. hxg3 $2 (36. Rc7 $2 Rxg2+ 37. Kxg2 Nc5 38. b4 Na4 $17) (36. b4 $3 Bxb4
(36... d3 37. Rc7 d2 38. Rd1 Bxb4 39. Rxb7 Rxf3 40. gxf3 $16) 37. Rxb4 d3 38.
Rc1 $1 (38. Rd2 $2 Na5 39. hxg3 Nc4 40. Rd1 Ne3 41. Rd2 Nc4 $10) 38... d2 (
38... Rxg2+ 39. Kxg2 Na5 40. Rd4 $1 $18) 39. Rd1 Rxg2+ 40. Kxg2 Na5 41. Kf2 Nc4
42. Ke2 $16) 36... d3 37. Rc7 Nc5 38. Kf2 Bb4 39. Ke3 $2 d2 40. Ke2 Kg7 41. g4
a5 $19 42. Kd1 Nd3 43. Rd7 Rxd7 44. Nxd7 Ne1 45. Nf6 Nxg2 46. Ke2 Nf4+ 47. Ke3
Nd5+ $2 (47... Ng6 $1 48. Kd4 (48. Ne4 Nxe5 49. Rd1 a4 $19) (48. Ne8+ Kf8 49.
Nc7 a4 $19) 48... a4 49. bxa4 bxa4 50. Ne4 a3 $19) 48. Nxd5 exd5 49. Kd3 $2 (
49. Kd4 $1 Kf8 (49... f6 50. Rd1 $1 fxe5+ 51. Kxe5 $10) (49... Kg6 50. Rd1 $1 (
50. Rh1 Ba3 51. Kd3 Bc1 52. Kc2 a4 53. bxa4 bxa4 $19) 50... h5 51. Kxd5 h4 52.
Kc6 h3 53. Kxb5 h2 54. Kc4 $10) (49... Ba3 50. Kd3 Bc1 51. Kc2 a4 52. bxa4 bxa4
53. Rb6 a3 54. Rd6 $10) 50. Rd1 $1 (50. Kxd5 $2 Ba3 51. Rd1 Bc1 52. Kc5 a4 53.
bxa4 bxa4 54. Kb4 a3 55. Kb3 Ke7 $19) 50... Ke7 51. Kxd5 Bc3 52. Kc5 Ke6 53.
Kxb5 Kxe5 54. Kc4 Bb4 55. Kd3 $10) 49... f6 $1 (49... Kf8 50. Rh1 Ke7 51. Kc2
Ke6 52. Rxh6+ Kxe5 53. Rb6 $15) 50. exf6+ Kxf6 51. Kd4 $1 (51. Rh1 Ke5 52. Ke2
(52. Kc2 Kf4 $19) 52... Kd4 $1 53. Rxh6 Kc3 54. Kd1 Kxb3 55. f4 a4 56. fxg5 a3
57. Ra6 a2 58. g6 Bc3 $19) 51... Ba3 (51... Ke7 $1 52. Rd1 Kd6 53. Rh1 Ba3 54.
Kd3 (54. Rxh6+ Ke7 55. Rh1 Bc1 56. Kd3 a4 57. bxa4 bxa4 58. Kc2 Kd6 $19) 54...
Bc1 55. Rxh6+ Kc5 56. Kc2 a4 57. bxa4 bxa4 58. Ra6 a3 $19) 52. Kd3 Bb4 (52...
Bc1 $1 53. Kc2 (53. Ke2 a4 54. bxa4 bxa4 55. Rb6+ Ke5 56. Rxh6 a3 57. Ra6 Kd4
$19) 53... a4 54. bxa4 bxa4 55. Rb4 a3 56. f4 (56. Ra4 Ke5 57. Kd1 d4 58. Ke2
Kd5 59. Ra6 Kc4 $19) 56... gxf4 57. Rxf4+ Kg5 58. Ra4 Kh4 59. Kd1 Kg3 60. Ra6
Bb2 61. Ra4 d4 $19) 53. Kd4 Kg6 $2 (53... Ba3 $1 $19) 54. Kd3 h5 $2 55. gxh5+
Kxh5 56. Rg1 $1 $10 Kh6 57. Kc2 Kh5 58. Kd3 a4 59. bxa4 bxa4 60. Kc2 (60. Rb1
a3 61. Kc2 $10) 60... d4 61. Ra1 a3 62. Kb3 Bd6 (62... Kh4 63. Kxb4 Kg3 64. Kc4
Kxf3 65. Kd3 $10) 63. Rd1 Bf4 64. Rh1+ Kg6 65. Kxa3 Kf5 66. Kb3 Bg3 67. Kc2 Kf4
68. Kxd2 Kxf3 69. Kd3 Bf2 70. Rh8 g4 71. Rf8+ Kg3 72. Ke2 Be3 73. Rg8 Kh3 74.
Rh8+ Kg2 75. Rg8 Kg3 76. Rh8 Bf4 77. Rd8 Be5 78. Rf8 Kh4 79. Rf5 Bg7 80. Rf7
Bh6 81. Rh7 Kh5 82. Rd7 Be3 83. Rg7 Bg5 84. Rg8 Kh6 85. Re8 Bf6 86. Rg8 Kh5 87.
Kd3 Kh4 88. Rg6 Bg5 89. Kxd4 g3 90. Re6 g2 1/2-1/2

[Event "Nussloch"]
[Site "Nussloch"]
[Date "1996.??.??"]
[Round "7"]
[White "Piket, Jeroen"]
[Black "Dautov, Rustem"]
[Result "1/2-1/2"]
[WhiteElo "2570"]
[BlackElo "2615"]
[Annotator "Dautov,R"]
[PlyCount "84"]
[EventDate "1996.??.??"]
[EventType "tourn"]
[EventRounds "11"]
[EventCountry "GER"]
[EventCategory "15"]
[SourceTitle "CBM 053"]
[Source "ChessBase"]
[SourceDate "1996.08.01"]
[SourceVersion "1"]
[SourceVersionDate "1996.08.01"]
[SourceQuality "1"]

1. d4 Nf6 2. c4 e6 3. Nf3 b6 4. a3 Bb7 5. Nc3 d5 6. Qc2 c5 7. cxd5 cxd4 $1 {N}
(7... exd5) (7... Nxd5) 8. Nxd4 (8. Qa4+ Nbd7 9. dxe6 dxc3 10. exd7+ Qxd7 11.
Qxd7+ Nxd7 12. bxc3 Be7 $44) 8... Nxd5 9. e4 Nxc3 10. Qxc3 Nd7 11. Be3 Rc8 (
11... Bxe4 $6 12. Nb5 Rc8 13. Qd4 Nf6 14. Nxa7 Qxd4 15. Bxd4 $36) 12. Qd2 Be7
13. Rd1 a6 (13... O-O $2 14. Nxe6 fxe6 15. Qxd7 $18) (13... Bxe4 $5 14. Ba6 $44
) 14. Be2 Ne5 (14... b5 $5 15. f3 Bh4+ 16. Bf2 (16. g3 Bf6 17. O-O Ne5 {><f3})
16... Bg5 (16... Bxf2+ 17. Kxf2 Qb6 18. Qe3 Nf6 19. Nb3 $14) 17. Be3 Bh4+ $10)
15. O-O O-O 16. f3 Nc4 $10 17. Bxc4 Rxc4 18. Rc1 (18. Qe2 Qc7 19. Rc1 Rc8 $10)
18... Rxc1 19. Rxc1 Bf6 20. b4 (20. Nb3 Qxd2 21. Nxd2 Rc8 22. Rxc8+ Bxc8 23.
Bxb6 Bxb2 24. Nc4 Bf6 $10) (20. Qf2 Qd7 21. Nb3 $6 Qd3 $15) 20... Qd7 21. Nb3
Qa4 22. Qa2 Qb5 {><b6,Bb7} 23. Rc7 Rb8 24. Qd2 (24. Qc2 Bd8 (24... h6 $5 25.
Rxb7 Rxb7 26. Qc8+ Kh7 27. Qxb7 Qe2 28. Bd2 Qd1+ 29. Kf2 Qxb3 $10) 25. Nd4 Qe8
26. Rc3 Qd7 $10) 24... h6 25. Nd4 Qe8 26. Ne2 Be5 27. Rc2 Bc6 (27... Rd8 $5 28.
Qc1 (28. Qe1 $2 Rd3 29. Bxb6 Qb8 30. Ng3 Rxa3 $15) 28... Rd3 29. Nf4 (29. Bxb6
$6 Qd7 $36) 29... Rd6 30. Rd2 Qd7 31. Ne2 (31. Rxd6 Qxd6 32. Qd2 Qxd2 33. Bxd2
Bb2 $15) 31... Bc6 32. h3 Bb5 $15) 28. Bd4 Rd8 29. Qe3 (29. Qc3 Bxd4+ 30. Nxd4
Ba4 31. Rd2 Rc8 $15) 29... Ba4 30. Rd2 (30. Rc1 Bxd4 31. Nxd4 Qd7 32. Ne2 Qd2
33. Qxd2 (33. Qxb6 $2 Bb5 $19) 33... Rxd2 $15) 30... Bc7 31. Qc3 Qe7 32. Be3
Rxd2 (32... Bxh2+ 33. Kxh2 Qh4+ 34. Kg1 Qe1+ $10) 33. Qxd2 Qd7 $6 $138 (33...
Bb5 $1 {>=} 34. Nc3 Bc4 {/\} 35. Na4 Qh4 36. g3 (36. h3 Qg3 37. f4 b5 38. Nc5
g5 $36) 36... Bxg3 37. hxg3 Qxg3+ 38. Kh1 Qxf3+ 39. Kh2 Qxe4 40. Nxb6 Bb5 $15)
34. Qxd7 Bxd7 35. Bf4 $138 Bd8 (35... e5 36. Be3 $10 {><b6,d5}) 36. Bd6 Bf6 $6
(36... f6 $142) 37. e5 Bd8 38. Kf2 h5 39. Ke3 Kh7 40. g3 g5 41. Nc3 Kg6 42. Ne4
Bc6 1/2-1/2

[Event "Bad Lauterberg Bohemia"]
[Site "Bad Lauterberg"]
[Date "1991.11.14"]
[Round "9"]
[White "Romanishin, Oleg M"]
[Black "Dautov, Rustem"]
[Result "1/2-1/2"]
[WhiteElo "2600"]
[BlackElo "2595"]
[Annotator "Dautov,R"]
[PlyCount "81"]
[EventDate "1991.11.05"]
[EventType "tourn"]
[EventRounds "11"]
[EventCountry "GER"]
[EventCategory "10"]
[SourceTitle "CBM 027"]
[Source "ChessBase"]
[SourceDate "1992.04.01"]
[SourceVersion "1"]
[SourceVersionDate "1992.04.01"]
[SourceQuality "1"]

1. d4 Nf6 2. Nf3 e6 3. c4 b6 4. a3 Bb7 5. Nc3 d5 6. Bg5 (6. Qa4+ Qd7 7. Qc2
dxc4 8. e3 c5 9. Bxc4 Qc8 10. Qe2 Nbd7 11. O-O {Ivanchuk-Khalifman,Reykjavik,
1991} Bd6 $10) 6... Be7 7. Qa4+ c6 8. cxd5 Nxd5 9. Nxd5 (9. Bxe7 Nxe7 (9...
Qxe7) 10. g3 O-O 11. Bg2 Nd7 12. O-O c5 13. Rfd1 $14) 9... Bxg5 (9... exd5 10.
Bxe7 Qxe7 11. e3 O-O 12. Be2 c5 13. O-O Nd7 $10) 10. Nc3 O-O 11. Rd1 $5 (11. e4
Nd7 12. e5 Be7 $10 {Gelfand-Dzindzichashvili,Manila,1990}) 11... Bf6 $5 {/\c5}
(11... Nd7 12. g3 Be7 13. Bg2 Qc7 14. O-O Nf6 (14... c5 15. d5 $14) 15. Ne5
Rac8 16. Ne4 $5 $36) 12. e4 (12. g3 $2 c5 13. dxc5 Bxc3+ 14. bxc3 Qc7 $15) (12.
Ne4 Be7 13. g3 Nd7 14. Bg2 Qc7 15. O-O Rad8 $10 {/\c5}) 12... Qc7 13. Be2 Nd7
14. e5 Be7 15. O-O Rfd8 $10 16. Rfe1 {><e5} Nf8 (16... c5 $6 17. d5 Nxe5 18.
Nxe5 Qxe5 19. Ba6 Qb8 (19... Qc7 20. d6 Rxd6 21. Rxd6 Bxd6 22. Nb5 Bxh2+ 23.
Kh1 Qc6 24. Bxb7 Qxb7 25. Kxh2 $16) 20. dxe6 Bxa6 (20... fxe6 $4 21. Rxd8+ $18)
21. exf7+ Kxf7 22. Qxa6 $40) (16... a6 $5) 17. Rc1 $6 (17. Bd3 $142 c5 18. Be4
Bxe4 19. Nxe4 cxd4 20. Nxd4 Rac8 $10) 17... c5 18. dxc5 bxc5 $1 $15 {><e5} 19.
Qf4 $8 Ng6 20. Qe3 Rac8 {/\c4} (20... Rab8 $2 21. Na4) (20... c4 $2 21. Nb5 $16
) 21. Bd3 $1 $8 Bxf3 (21... c4 22. Be4 (22. Bxg6 fxg6 {^^}) 22... Bc5 23. Qg5
h6 24. Qg3 Bxe4 25. Nxe4 $13) (21... Qb6 22. Na4 $1 Qa5 23. Nc3) 22. Bxg6 (22.
Qxf3 Nxe5 23. Bxh7+ Kxh7 24. Qh5+ Kg8 25. Qxe5 Qxe5 26. Rxe5 Rd2 27. Re2 Rxe2
28. Nxe2 Rd8 $15) 22... Bxg2 23. Bxf7+ Kxf7 24. Kxg2 Qb7+ $6 (24... Kg8 $142
25. Qh3 Qc6+ 26. Ne4 Rd4 27. f3 Rf8 $15 {עg2}) 25. Ne4 Kg8 (25... Qxb2 26.
Qf4+ Kg8 27. Rb1 Qd4 28. Rb7 Rd7 29. Qg4 Qd5 $1 $17) (25... Qxb2 26. Rc3 $1 {
Romanishin} Kg8 27. Qh3 Qb6 28. Rg3 Rf8 29. Kh1 Qc6 30. f3 $36) 26. Qh3 Qd5 $2
(26... Qc6 $142 {/\Rd4,Rf8}) 27. Rcd1 $1 Qxe5 28. Ng3 Qf6 29. Rxe6 Qf7 30. Rde1
Bf8 (30... Bf6 $2 31. Ne4 Bd4 32. f3 $16 {/\Nd6,Ng5}) 31. Ne4 $14 h6 $138 32.
Qg4 $138 Kh8 33. Re3 Re8 34. Rf3 $1 Qb7 35. Qg6 (35. Ng5 $5 Rxe6 $8 36. Nxe6 (
36. Nf7+ Kh7 37. Qxe6 Qc6 $10) 36... Bd6) 35... Qd7 $1 $8 36. Rxe8 (36. Ng5
hxg5 37. Rh3+ Kg8 38. Qh7+ Kf7 39. Qf5+ $10) 36... Rxe8 37. b3 Rb8 38. a4 Qd5
39. h4 c4 40. bxc4 Qxc4 41. Nd6 $10 1/2-1/2

[Event "Elenite"]
[Site "Elenite"]
[Date "1992.??.??"]
[Round "8"]
[White "Sokolov, Ivan"]
[Black "Stohl, Igor"]
[Result "1-0"]
[WhiteElo "2625"]
[BlackElo "2560"]
[Annotator "Dautov,R"]
[PlyCount "77"]
[EventDate "1992.??.??"]
[EventType "tourn"]
[EventRounds "11"]
[EventCountry "BUL"]
[EventCategory "12"]
[SourceTitle "CBM 032"]
[Source "ChessBase"]
[SourceDate "1993.02.01"]
[SourceVersion "1"]
[SourceVersionDate "1993.02.01"]
[SourceQuality "1"]

1. Nf3 Nf6 2. c4 b6 3. Nc3 Bb7 4. d4 e6 5. Qc2 c5 6. dxc5 (6. e4 cxd4 7. Nxd4
Bc5 8. Nb3 Nc6 9. Nxc5 $6 bxc5 10. Be3 Nd4 11. Qd3 e5 12. Be2 O-O 13. Rd1 d6
$10 {Santos,JP-Gomes Esteban,JM Manila(ol) 1992}) 6... Bxc5 (6... bxc5 $5 7.
Bg5 (7. Bf4 $5) 7... Be7 8. e3 d6 9. Rd1 Nbd7 $10) 7. Bg5 {N} (7. e4 Nc6 8. Bg5
h6 9. Bh4 d6 10. Rd1 Qe7 11. a3 a5 12. Be2 g5 13. Bg3 Nh5 $10 {ECO}) 7... O-O
8. e3 Be7 9. Be2 h6 10. Bh4 d5 (10... d6 $5 11. Rd1 a6 12. O-O Nbd7) 11. O-O
Nbd7 12. Rfd1 Rc8 13. Rac1 Qe8 $2 (13... dxc4 14. Ne5 Nxe5 15. Rxd8 Rfxd8 $10)
(13... a6 $5 14. cxd5 Nxd5 15. Bxe7 Nxe7 16. Ne5 Rc7 17. Qd2 Nd5 18. Nxd5 Rxc1
19. Qxc1 Nxe5 $10) 14. cxd5 Bxd5 (14... Nxd5 $2 15. Nxd5 $1 exd5 (15... Rxc2
16. Nxe7+ Kh8 17. Rxc2 g5 18. Rc7 $18) (15... Bxh4 16. Nc7 $18) 16. Qa4 $16)
15. Qa4 $2 (15. Ba6 $1 $16 {Sokolov,I} Bxf3 $140 16. gxf3 Rc7 17. Bb5 Qc8 (
17... Nh5 $2 18. Nd5 $1 Rxc2 19. Nxe7+ Kh8 20. Rxc2 $18) 18. Bg3 Rc5 19. b4 Rf5
20. e4 Rxf3 21. Nd5 $1 $18) 15... Bc6 16. Qxa7 g5 17. Nd4 (17. Bg3 Ra8 18. Qc7
Rc8 $10) 17... gxh4 (17... Ra8 $2 18. Qc7 Rc8 19. Qg3 Ne4 20. Qh3 $18) 18. Nxc6
Rxc6 19. Bb5 Rd6 20. Qa4 h3 $6 (20... Qd8 $2 21. Rxd6 Bxd6 22. Bxd7 Nxd7 23.
Rd1 Nc5 24. Qc6 $16) (20... Qc8 $1 21. Nd5 Rxd5 $1 (21... Qd8 22. Nxe7+ Qxe7
23. Rxd6 Qxd6 24. Rd1 Qc5 25. b4 Qc3 26. Bxd7 Rd8 $10) 22. Rxc8 Rxd1+ 23. Qxd1
Rxc8 24. Bxd7 Rd8 $15) (20... Qc8 $1 21. Qxh4 Rxd1+ 22. Rxd1 Rd8 23. Qxh6 Ne5
$10) 21. gxh3 Qd8 $2 (21... Qc8 22. Nd5 Rxd5 23. Rxc8 Rxd1+ 24. Qxd1 Rxc8 25.
Bxd7 Rd8 $10) 22. Rxd6 Bxd6 23. Bxd7 Nxd7 24. Rd1 Nc5 25. Qc6 Qg5+ 26. Kh1 Bxh2
27. Kxh2 $18 Kh7 28. Qf3 Qe5+ 29. Kh1 f5 30. Qf4 $1 Qxf4 (30... Qf6 31. Qd4 $18
) 31. exf4 Ne4 32. Nxe4 fxe4 33. Rd6 Rxf4 34. Kg2 b5 35. Rxe6 Kg7 36. Re5 b4
37. Rb5 e3 38. fxe3 Re4 39. Kf3 1-0

[Event "Olympiad-31"]
[Site "Moscow"]
[Date "1994.12.13"]
[Round "12.3"]
[White "Psakhis, Lev"]
[Black "Zarnicki, Pablo Adrian"]
[Result "0-1"]
[WhiteElo "2605"]
[BlackElo "2475"]
[Annotator "Dautov,R"]
[PlyCount "106"]
[EventDate "1994.12.01"]
[EventType "team-swiss"]
[EventRounds "14"]
[EventCountry "RUS"]
[SourceTitle "CBM 045"]
[Source "ChessBase"]
[SourceDate "1995.04.01"]
[SourceVersion "1"]
[SourceVersionDate "1995.04.01"]
[SourceQuality "1"]
[WhiteTeam "Israel"]
[BlackTeam "Argentina"]
[WhiteTeamCountry "ISR"]
[BlackTeamCountry "ARG"]

1. d4 Nf6 2. c4 e6 3. Nf3 b6 4. a3 Ba6 5. Qc2 Bb7 6. Nc3 c5 7. e4 cxd4 8. Nxd4
Bc5 9. Nb3 Nc6 10. Bf4 e5 11. Bg5 h6 12. Bh4 g5 {N} (12... d6 13. O-O-O O-O 14.
f3 a5 15. Qd3 g5 16. Be1 a4 17. Nxc5 dxc5 18. Qe3 Nd4 19. h4 $16 {
Akopian-Salov/Wijk/1993}) (12... O-O 13. f3 Be7 14. Bf2 $1 $14) 13. Bg3 d6 14.
O-O-O a6 (14... O-O $5 15. f3 $14) (14... Qe7 $5 15. Nd5 Nxd5 16. cxd5 Nd4 17.
Nxd4 Bxd4 18. Rxd4 (18. Bb5+ Kf8 19. Kb1 $14) 18... exd4 19. Qa4+ Kf8 20. Qxd4
f6 21. h4 $44) 15. f3 Qe7 16. h4 (16. Nd5 $5 Nxd5 17. cxd5 Nd4 (17... Nb8 18.
Nxc5 bxc5 19. h4 Nd7 20. Qa4 Kf8 21. hxg5 Qxg5+ 22. Kb1 $16) 18. Nxd4 Bxd4 19.
Rxd4 exd4 20. Qa4+ b5 21. Qxd4 f6 22. Qb6 Rd8 23. Bd3 $44) (16. Kb1 $5 O-O-O (
16... Nd4 17. Nxd4 Bxd4 18. Ne2 Bc5 19. b4 Be3 20. Qd3 $16) 17. Nd5 Nxd5 (17...
Qe6 18. Bf2 $16) 18. cxd5 Nb8 19. Na1 $1 Qc7 20. b4 Be3 21. Qxc7+ Kxc7 22. Nc2
Bf4 23. Bf2 g4 24. g3 Bg5 25. fxg4 $18) 16... O-O-O 17. Nd5 Nxd5 18. cxd5 $16
Nb8 19. Nxc5 (19. Na1 $5 Qc7 20. b4 Be3+ 21. Kb1 gxh4 22. Bxh4 Bg5 23. Bf2 $16)
19... bxc5 20. b4 Nd7 21. Kd2 Kb8 22. Rb1 Rc8 23. Bf2 cxb4 24. Qa4 Nc5 25. Qxb4
gxh4 26. Bxc5 $2 (26. Bxh4 f6 27. Bf2 $16) 26... dxc5 27. Qb6 c4 28. Qxa6 Rc7
$15 29. Kc2 (29. d6 $2 Rd8 30. Rb6 Rxd6+ $19) (29. Bxc4 Qg5+ 30. Kd3 Qxg2 31.
Rhf1 $2 Qxf1+ 32. Rxf1 Bxa6 $19) (29. Qb6 c3+ 30. Kc2 Qxa3 31. Qb3 Qa7 $17)
29... Qc5 30. Qb6 Qxa3 31. Qb4 (31. Rxh4 c3 32. Qa6 $2 (32. Qb3 Qa7 $40) 32...
Qb2+ $1 33. Rxb2 cxb2+ 34. Kxb2 Bxa6 35. Bxa6 Ka7 36. Bf1 Rb8+ 37. Ka2 Rc5 $19)
31... Qa7 32. Be2 c3 $17 33. Bc4 Rhc8 34. Qd6 Qf2+ 35. Kb3 c2 36. Rbc1 Qxg2 37.
Rhf1 Qg6 38. Qxg6 (38. Qxe5 Qb6+ 39. Kxc2 (39. Ka2 Ba6 40. Bxa6 Qxa6+ $19)
39... Ka7 40. Ra1+ Ba6 $19) 38... fxg6 $19 39. Bb5 Rc5 40. Kb4 Ka7 41. Bd7 Rc4+
42. Kb3 R8c5 43. Rf2 Bc8 44. Bb5 Rc3+ 45. Kb2 Ba6 46. Be8 (46. Bxa6 Kxa6 $19)
46... Kb6 47. Bxg6 R3c4 48. Kb3 (48. Rfxc2 Rxc2+ 49. Rxc2 Rxc2+ 50. Kxc2 h3 $19
) 48... Rc8 $1 49. Kb2 (49. Bf5 Rb8 50. Rfxc2 Ka5+ $19) 49... Ka7 50. Ka1 Ra4+
51. Kb2 Bd3 52. d6 Rb4+ 53. Ka2 Rcb8 0-1

[Event "Olympiad-31"]
[Site "Moscow"]
[Date "1994.12.14"]
[Round "13.2"]
[White "Akopian, Vladimir Eduardovic"]
[Black "Ehlvest, Jaan"]
[Result "1-0"]
[WhiteElo "2630"]
[BlackElo "2600"]
[Annotator "Dautov,R"]
[PlyCount "49"]
[EventDate "1994.12.01"]
[EventType "team-swiss"]
[EventRounds "14"]
[EventCountry "RUS"]
[SourceTitle "CBM 045"]
[Source "ChessBase"]
[SourceDate "1995.04.01"]
[SourceVersion "1"]
[SourceVersionDate "1995.04.01"]
[SourceQuality "1"]
[WhiteTeam "Armenia"]
[BlackTeam "Estonia"]
[WhiteTeamCountry "ARM"]
[BlackTeamCountry "EST"]

1. d4 Nf6 2. c4 e6 3. Nf3 b6 4. a3 Bb7 5. Nc3 d5 6. cxd5 Nxd5 7. Bd2 Nd7 8. Qc2
c5 9. e4 Nxc3 10. Bxc3 cxd4 11. Nxd4 a6 12. g3 Qc7 13. Bg2 Bc5 (13... Be7 $5
14. O-O O-O 15. Rac1 Rac8 $10) 14. Rc1 $1 {N} (14. Qe2 O-O 15. O-O Rac8 16.
Rfd1 Rfd8 17. Rac1 Bf8 18. Qe3 Nc5 19. Be1 $6 Qd7 20. Rd2 Qa4 21. b4 Nd7 $15 {
Akopian-Salov/Tilburg/1994}) 14... O-O 15. O-O Rac8 (15... Rad8 $5 16. Nb3 (16.
b4 Be7 17. Qb2 Qb8 $10) 16... Be7 17. Qe2 Qb8 18. Rfd1 Rfe8 $10) 16. Nb3 Be7 (
16... Qb8 17. Nxc5 Nxc5 18. b4 Nd7 19. Qb2 $16) 17. Qd1 $1 $14 Ne5 $4 (17...
Qd6 $4 18. Qxd6 Bxd6 19. Rfd1 Rc6 20. e5 $18) (17... Bc6 18. Nd4 Qb7 19. Nxc6
Qxc6 20. Qg4 (20. Bxg7 $2 Qxc1 21. Qxd7 Kxg7 22. Rxc1 Rxc1+ 23. Bf1 Bf6 $10) (
20. Qd4 Nf6 $14 (20... e5 21. Qd5 $14)) 20... g6 21. Qe2 $14) (17... Qd8 18.
Qg4 Nf6 $2 (18... g6 19. Rfd1 $14) 19. Bxf6 Bxf6 20. e5 Rxc1 (20... h5 21. Rxc8
Qxc8 22. Qxh5 Bxg2 23. exf6 Bxf1 24. Qg5 g6 25. Qh6 $18) 21. Rxc1 h5 22. Qxh5
Bxg2 23. exf6 $16) (17... Nc5 $5 18. Qg4 (18. Nxc5 Qxc5 19. Bxg7 Qxc1 20. Qxc1
Rxc1 21. Rxc1 Kxg7 22. Rc7 Bxe4 23. Bxe4 Bf6 $10) (18. Bb4 Qe5) 18... e5 19.
Bb4 Qb8 20. Nxc5 Bxc5 21. Bxc5 bxc5 22. Rfd1 $14) 18. Bxe5 Qxe5 19. Qd7 $18 Bg5
(19... Rxc1 20. Nxc1 $18) (19... Qxb2 20. Qxb7 Rxc1 21. Nxc1 Bxa3 22. Qxa6 $18)
20. f4 Rxc1 21. fxe5 Bc6 (21... Be3+ 22. Kh1 Rxf1+ 23. Bxf1 Bxe4+ 24. Bg2 $18)
22. Qd4 Rxf1+ 23. Bxf1 Rd8 24. Qxb6 Bxe4 25. h4 1-0

[Event "EU-Cup 18th"]
[Site "Kallithea"]
[Date "2002.09.25"]
[Round "4.2"]
[White "Relange, Eloi"]
[Black "Onischuk, Alexander"]
[Result "0-1"]
[WhiteElo "2494"]
[BlackElo "2644"]
[Annotator "Dautov,R"]
[PlyCount "98"]
[EventDate "2002.09.22"]
[EventType "team-swiss"]
[EventRounds "7"]
[EventCountry "GRE"]
[SourceTitle "CBM 092"]
[Source "ChessBase"]
[SourceDate "2003.02.06"]
[SourceVersion "1"]
[SourceVersionDate "2003.02.06"]
[SourceQuality "1"]
[WhiteTeam "Clichy Echecs 92"]
[BlackTeam "Skopje Kisela Voda"]
[WhiteTeamCountry "FRA"]
[BlackTeamCountry "MKD"]

1. d4 {Hecht} Nf6 2. c4 e6 3. Nf3 d5 4. Nc3 Be7 5. Bg5 h6 6. Bh4 O-O 7. e3 b6
8. Rc1 Bb7 9. a3 $6 {Mit diesem Zug wartet Weiß 9...Nbd7 ab, bevor er auf d5
die Bauern tauscht. Der Nachteil von a2-a3, die Schwäche des Bauern b2, macht
sich aber nicht selten in den Stellungen mit hängenden Bauern bemerkbar.} (9.
Bd3 dxc4 10. Bxc4 Nbd7) 9... Nbd7 10. cxd5 exd5 (10... Nxd5 $2 11. Nxd5 Bxd5
12. Bxe7 Qxe7 13. Rxc7 $16) 11. Bd3 ({Auch 11.Be2 bereitet Schwarz keine
Probleme:} 11. Be2 c5 12. O-O Ne4 13. Bxe7 Qxe7 14. dxc5 Nxc3 15. Rxc3 bxc5 16.
Qc2 Rab8 $1 17. Rc1 Ba8 {><b2, siehe die Anmerkung zum 9. Zug von Weiß.} 18. b3
Rfe8 19. Bf1 Qd6 20. Qd1 Red8 21. Nd2 d4 22. Nc4 Qf6 23. Rd3 Nf8 $15 {
Andersson,U-Short,N/Thessaloniki (ol) 1988}) 11... c5 12. O-O Ne4 13. Bxe7 Qxe7
14. dxc5 bxc5 15. Bb1 Ndf6 $11 {Schwarz hat zumindest einen bequemen Ausgleich.
} 16. Qc2 (16. Qa4 Rfd8 17. Rfd1 Ng4 (17... Nxf2 $5) 18. Rc2 Rab8 19. h3 Ngxf2
20. Rxf2 Nxf2 21. Kxf2 d4 $40 {Acosta,M-Diaz,N/Mar del Plata 2000}) 16... Rac8
$1 (16... Rab8 $6 17. Nxe4 Nxe4 18. Nd2 $14) 17. Rfd1 Rfd8 18. Nxe4 Nxe4 19.
Qa4 (19. Nd2 Nf6 $11) 19... a6 20. Bxe4 $6 {Nach diesem Tausch wird der weiße
Springer zur Passivität verurteilt. Zum gleichen Spiel führte 20.Qa5.} (20. Qa5
d4 21. exd4 Ng5 22. Ne1 $11) 20... dxe4 21. Nd2 ({Nach} 21. Ne1 $5 {stand der
Springer nicht schöner, deckte aber das Einbruchfeld d3.}) 21... Rd3 $15 22.
Nf1 Rcd8 23. Re1 h5 24. b4 cxb4 25. axb4 h4 26. h3 Qd7 (26... R8d5 $5 $15) 27.
Qa5 $1 (27. Qxd7 R8xd7 $15) 27... Rd5 28. Rc5 Rc8 29. Rec1 Rdxc5 30. Rxc5 Rxc5
31. Qxc5 {Nach dem Turmtausch sollte Weiß die Stellung mühelos halten können.
Hecht: '[#] Passiver Springer gegen schlechten Läufer. Weiß sollte mit der
Dame am Damenflügel bleiben, um entweder den Läufer anzugreifen oder den
Springer über d2 zu befreien.'} f6 32. Qh5 Qa4 33. Nd2 $2 {Ein
Bauerneinsteller, wahrscheinlich sah Weiß in Zeitnot 34..Qf8 nicht.} (33. Qc5
$11) 33... Qxb4 $17 34. Qe8+ Qf8 35. Qe6+ Qf7 36. Qb6 Qd5 37. Nb3 Qc6 38. Qd8+
Kh7 39. Nd4 Qc1+ 40. Kh2 Qc5 41. Kg1 Bd5 42. Qd7 a5 43. Nf5 Bf7 44. Nxh4 Qd5
45. Qa7 (45. Qxd5 $6 {Hecht} Bxd5 46. Nf5 a4 47. Nd4 a3 48. Nc2 a2 49. Kf1 Bb3
50. Na1 Bc4+ 51. Ke1 g5 52. Nc2 Kg6 53. Na1 Kh5 54. Nc2 Kh4 55. Na1 f5 56. Nc2
f4 57. exf4 gxf4 58. Na1 Bb5 59. Nc2 e3 ({oder} 59... f3 {Hecht} 60. g3+ Kxh3
61. Kd2 Kg2 62. Ke3 Ba4 63. Na1 Bd7 64. Nc2 Kf1 $19) 60. fxe3 fxe3 61. Na1 Kg3
62. Nc2 Bd3 63. Na1 Kxg2 64. h4 Kf3 65. h5 Kg4 66. h6 Kg5 67. h7 Bxh7 68. Ke2
Kf4 $19) 45... a4 {'!' Hecht.} 46. Nf5 $2 (46. g4 $1 $17 Be8 (46... Qb3 $2 {
Hecht} 47. Nf5 a3 48. Qe7 $11 {[%csl Rg7][%cal Re7f8]} a2 $2 49. Qf8 a1=Q+ 50.
Kg2) 47. Nf5 Qd7 48. Qa8) 46... a3 $19 47. Nxg7 Qd1+ 48. Kh2 Qd6+ 49. g3 Kxg7
0-1